ការវាយតំលៃលើចំណោះដឹងនិងបទពិសោធន៍បច្ចេកទេសការពារដំណាំរបស់កសិករ ករណីសិក្សានៅក្នុងភូមិតាមដងស្ទឹងសង្កែក្នុងខេត្តបាត់តំបង (assessment of famers knowledge and technical experiences in crop protection "a case study in the villages along sangker river, battambang province") (Record no. 421)
[ view plain ]
| 000 -LEADER | |
|---|---|
| fixed length control field | 00852nam a22001577a 4500 |
| 003 - CONTROL NUMBER IDENTIFIER | |
| control field | OSt |
| 005 - DATE AND TIME OF LATEST TRANSACTION | |
| control field | 20150914104125.0 |
| 008 - FIXED-LENGTH DATA ELEMENTS--GENERAL INFORMATION | |
| fixed length control field | 150914b xxu||||| |||| 00| 0 eng d |
| 040 ## - CATALOGING SOURCE | |
| Transcribing agency | RUA |
| 082 ## - DEWEY DECIMAL CLASSIFICATION NUMBER | |
| Classification number | AGR UNG 2000 B022 Or.1 |
| 100 ## - MAIN ENTRY--PERSONAL NAME | |
| 9 (RLIN) | 442 |
| Personal name | UNG, SYNENG. |
| 245 ## - TITLE STATEMENT | |
| Title | ការវាយតំលៃលើចំណោះដឹងនិងបទពិសោធន៍បច្ចេកទេសការពារដំណាំរបស់កសិករ ករណីសិក្សានៅក្នុងភូមិតាមដងស្ទឹងសង្កែក្នុងខេត្តបាត់តំបង (assessment of famers knowledge and technical experiences in crop protection "a case study in the villages along sangker river, battambang province") |
| 260 ## - PUBLICATION, DISTRIBUTION, ETC. (IMPRINT) | |
| Place of publication, distribution, etc. | Phnom Penh |
| Name of publisher, distributor, etc. | RUA |
| Date of publication, distribution, etc. | 2000 |
| 300 ## - PHYSICAL DESCRIPTION | |
| Extent | 65p. |
| Other physical details | ill. |
| Dimensions | 29cm. |
| 942 ## - ADDED ENTRY ELEMENTS (KOHA) | |
| Source of classification or shelving scheme | |
| Koha item type | AGR |
| Price effective from | Date last seen | Permanent Location | Not for loan | Date acquired | Source of classification or shelving scheme | Koha item type | Lost status | Withdrawn status | Date last checked out | Total Checkouts | Shelving location | Damaged status | Barcode | Current Location | Full call number |
|---|---|---|---|---|---|---|---|---|---|---|---|---|---|---|---|
| 2015-09-14 | 2015-09-14 | Library Block B | 2015-09-14 | AGR | B022 | RUA001799 | Library Block B | AGR UNG 2000 B022 Or.1 | |||||||
| 2015-09-14 | 2026-01-19 | Library Block B | 2015-09-14 | AGR | 2025-12-19 | 1 | B022 | RUA001937 | Library Block B | AGR UNG 2000 B022 Or.2 | |||||
| 2015-09-14 | 2015-09-14 | Library Block B | 2015-09-14 | AGR | B022 | RUA001871 | Library Block B | AGR UNG 2000 B022 Or.3 | |||||||
| 2015-09-14 | 2015-09-14 | Library Block B | 2015-09-14 | AGR | B022 | RUA001650 | Library Block B | AGR UNG 2000 B022 Or.4 | |||||||
| 2015-09-14 | 2015-09-14 | Library Block B | 2015-09-14 | AGR | B022 | RUA001727 | Library Block B | AGR UNG 2000 B022 Or.5 | |||||||
| 2015-09-14 | 2015-09-14 | Library Block B | 2015-09-14 | AGR | B022 | RUA001805 | Library Block B | AGR UNG 2000 B022 Or.6 | |||||||
| 2015-09-14 | 2015-09-14 | Library Block B | 2015-09-14 | AGR | B022 | RUA001949 | Library Block B | AGR UNG 2000 B022 Or.7 | |||||||
| 2015-09-14 | 2015-09-14 | Library Block B | 2015-09-14 | AGR | B022 | RUA001733 | Library Block B | AGR UNG 2000 B022 Or.8 | |||||||
| 2015-09-14 | 2015-09-14 | Library Block B | 2015-09-14 | AGR | B022 | RUA001641 | Library Block B | AGR UNG 2000 B022 Or.9 |